Business communication (Record no. 32579)

MARC details
000 -LEADER
fixed length control field 00936cam a22002414a 4500
005 - DATE AND TIME OF LATEST TRANSACTION
control field 20041101114942.0
008 - FIXED-LENGTH DATA ELEMENTS--GENERAL INFORMATION
fixed length control field 040512s2005 njua 001 0 eng
010 ## - LCCN (DPL NO)
LC control number ENG-95627
020 ## - INTERNATIONAL STANDARD BOOK NUMBER
International Standard Book Number 9788120338487
Terms of availability 175.00
035 ## - SYSTEM CONTROL NUMBER
System control number EN-79160
037 ## - SOURCE OF ACQUISITION
Source of stock number/acquisition DBAD/PUB
040 ## - CATALOGING SOURCE
Original cataloging agency DPL
082 ## - DEWEY DECIMAL CLASSIFICATION NUMBER
Classification number 651.7
100 ## - MAIN ENTRY--PERSONAL NAME
Personal name Kaul, Asha
245 ## - TITLE STATEMENT
Title Business communication
Statement of responsibility, etc by Asha Kaul
250 ## - EDITION STATEMENT
Edition statement 2nd ed.
260 ## - PUBLICATION, DISTRIBUTION, ETC. (IMPRINT)
Place of publication, distribution, etc New Delhi
Name of publisher, distributor, etc PHI Learining p.Ltd
Date of publication, distribution, etc 2009
300 ## - PHYSICAL DESCRIPTION
Extent viii, p.254 :
Dimensions 23 cm.(Pbk)
500 ## - GENERAL NOTE
General note Includes bibliographical reference and index.
942 ## - ADDED ENTRY ELEMENTS (KOHA)
Source of classification or shelving scheme Dewey Decimal Classification
Item type English Books
Call number suffix ASH
Classification part 651.7
Holdings
Withdrawn status Lost status Source of classification or shelving scheme Damaged status Not for loan Collection code Home library Current library Date acquired Source of acquisition Cost, normal purchase price Total Checkouts Full call number Barcode Date last seen Copy number Cost, replacement price Koha item type
    Dewey Decimal Classification   Not For Loan Non-fiction D.B.Act.Division D.B.Act.Division 11/12/2009 DBAD / PUB 175.00   651.7 ASH EN-79160 11/12/2009 1 175.00 English Books

© Delhi Public Library
Hit Counter
free hit counter